A helyi iskolakínálat és az önkormányzatok

Elmentve itt :
Bibliográfiai részletek
Szerző: Liskó Ilona
Dokumentumtípus: Cikk
Megjelent: 1995
Sorozat:Iskolakultúra 5 No. 5
Kulcsszavak:Oktatásügy - Magyarország - 20. sz.
Online Access:http://misc.bibl.u-szeged.hu/44587
LEADER 00613nab a2200181 i 4500
001 misc44587
005 20191106141109.0
008 181002s1995 hu o 0|| zxx d
022 |a 1215-5233 
040 |a SZTE Miscellanea Repozitórium  |b hun 
041 |a zxx 
100 1 |a Liskó Ilona 
245 1 2 |a A helyi iskolakínálat és az önkormányzatok  |h [elektronikus dokumentum] /  |c  Liskó Ilona 
260 |c 1995 
300 |a 10-20 
490 0 |a Iskolakultúra  |v 5 No. 5 
695 |a Oktatásügy - Magyarország - 20. sz. 
856 4 0 |u http://misc.bibl.u-szeged.hu/44587/1/iskolakultura_1995_005_010-020.pdf  |z Dokumentum-elérés